V. I. Lê-Nin toàn tập T.46 T.46

محفوظ في:
التفاصيل البيبلوغرافية
المؤلف الرئيسي: Lê-Nin, V.I., 1870-1924
التنسيق: كتاب
منشور في: Sự thật 1981
الوسوم: إضافة وسم
لا توجد وسوم, كن أول من يضع وسما على هذه التسجيلة!
Thư viện lưu trữ: Mạng thư viện Đại học Đà Nẵng
LEADER 00533nam a2200217 a 4500
001 000029508
003 2124
005 20171030145630.0
008 171030s1981
040 |a LTT 
082 0 |a 335.4  |b LÊ-N 
100 1 |a Lê-Nin, V.I., 1870-1924 
245 0 0 |a V. I. Lê-Nin toàn tập T.46  |c V. I. Lê Nin.  |n T.46 
260 |b Sự thật  |c 1981 
OWN |a LTT 
999 |a From the UDN01 
TYP |a Monograph 
TYP |a Printed language 
980 |a Mạng thư viện Đại học Đà Nẵng